Statistics for Every kind of Puffle {Club Penguin}

Click here to take the quiz!

General Stats

  • This quiz has been taken 80 times
  • The average score is 16 of 29

Answer Stats

Answer% Correct
Black
99%
Blue
99%
Purple
99%
Red
99%
Yellow
99%
Green
97%
White
94%
Orange
93%
Pink
91%
Rainbow
84%
Gold
79%
Brown
78%
Border Collie
66%
Tabby Cat
63%
Dinosaur
35%
Ghost
35%
Rabbit
35%
Deer
29%
Unicorn
28%
Dragon
21%
Reindeer
19%
Bat
18%
Raccoon
18%
Snowman
18%
Alien
15%
Chicken
13%
Blue Crystal
10%
Purple Turkish Van Cat
10%
Yellow Unicorn
9%

Score Distribution

Percentile by Number Answered

Percent of People with Each Score

Your Score History

You have not taken this quiz